| 000 | 00589nam a2200193 a 4500 | ||
|---|---|---|---|
| 001 | 000041374 | ||
| 005 | 20201002034831.0 | ||
| 008 | 131001s1999 sp 000 0 spa d | ||
| 020 | _a9788484034261 | ||
| 040 |
_aDO-SdBNP _bspa _cBNPHU |
||
| 082 |
_axxxx _bxxxx |
||
| 100 | 1 |
_aMoro, Tomás _d1478-1535 _968026 |
|
| 245 | 1 | 0 |
_aUtopía / _cTomás Moro. |
| 260 |
_aMadrid : _bEdimat libros, _c1999. |
||
| 300 |
_a158 p. : _b20 cm. |
||
| 490 | 1 | _aClásicos selección | |
| 500 | _aIncluye datos biográficos del autor en la solapa de la contracubierta | ||
| 830 | 0 |
_aClásicos selección _968027 |
|
| 999 |
_c40864 _d40864 |
||